Privatization and Regulation of transport Infrastructure : (Record no. 1749)

000 -LEADER
fixed length control field 00806nam a2200253 a 4500
007 - PHYSICAL DESCRIPTION FIXED FIELD--GENERAL INFORMATION
fixed length control field ta
008 - FIXED-LENGTH DATA ELEMENTS--GENERAL INFORMATION
fixed length control field 200117t2000 xxua|||f |||| 001 0 eng d
020 ## - INTERNATIONAL STANDARD BOOK NUMBER
International Standard Book Number 9780821347218
040 ## - CATALOGING SOURCE
Original cataloging agency IMU Kochi Library
Language of cataloging eng
041 0# - LANGUAGE CODE
Language code of text/sound track or separate title eng
044 ## - COUNTRY OF PUBLISHING/PRODUCING ENTITY CODE
MARC country code United States
082 04 - DEWEY DECIMAL CLASSIFICATION NUMBER
Edition number 23
Classification number 388
Item number Es81
245 10 - TITLE STATEMENT
Title Privatization and Regulation of transport Infrastructure :
Sub Title Guidelines for Policymakers and Regulators /
260 ## - PUBLICATION, DISTRIBUTION, ETC. (IMPRINT)
Place of publication, distribution, etc Washington , D. C. :
Name of publisher, distributor, etc The World Bank ,
Date of publication, distribution, etc 2000 .
300 ## - PHYSICAL DESCRIPTION
Extent xi , 316 p. :
Other physical details ill., Charts. ;
Dimensions 24 cm.
490 0# - SERIES STATEMENT
Series statement WBI Development Studies ;
504 ## - BIBLIOGRAPHY, ETC. NOTE
Bibliography, etc Includes Index.
650 #0 - SUBJECT ADDED ENTRY--TOPICAL TERM
Topical term or geographic name as entry element Infrastructure (Economics)
General subdivision Government
Form subdivision Textbooks
700 ## - ADDED ENTRY--PERSONAL NAME
Personal name Estache, Antonio
Relator term Editor
700 ## - ADDED ENTRY--PERSONAL NAME
Personal name De Rus, Gines
Relator term Editor
852 ## - LOCATION/CALL NUMBER
Location IMU Kochi Library
904 ## - LOCAL DATA ELEMENT D, LDD (RLIN)
CATALOGER Reshma Rajesh
942 ## - ADDED ENTRY ELEMENTS (KOHA)
Item type Reference book
Holdings
Withdrawn status Lost status Source of classification or shelving scheme Damaged status Not for loan Collection code Permanent location Current location Shelving location Date acquired Source of acquisition Full call number Barcode Date last seen Koha item type Public note
          Gifted Collection IMU Kochi Library IMU Kochi Library Reference 2015-01-17 Donated Books 388 Es81 G0090 2020-01-17 Gratis Books Shelf-22, Row-5


Copyright © All Rights Reserved by Indian Maritime University, Kochi Campus.
For any Suggestions/Query Contact to library or Email: library.kochi@imu.ac.in Ph:(0484)-2989402
(Web OPAC Designed by Rudra Ranjan. Maintained by IMU Kochi Library)

Powered by Koha